[Event "MPL 47th National Women Chess-ch 2022"]
[Site "Odisha"]
[Date "2022.02.26"]
[Round "3.14"]
[White "Kiran, Manisha Mohanty"]
[Black "Smaraki, Mohanty"]
[Result "0-1"]
[WhiteElo "2168"]
[BlackElo "1725"]
[Annotator "TA"]
[PlyCount "48"]
[EventDate "2022.02.25"]
[EventCountry "IND"]
[SourceTitle "playchess.com"]
[Source "ChessBase"]
[SourceQuality "1"]

{[%evp 22,48,24,26,44,16,18,16,15,0,11,0,0,0,0,-17,9,-40,-22,0,0,-106,-91,-410,-233,-1065,-1058,-961,-902]} 1. e4 e6 2. d4 d5 3. Nc3 dxe4 4. Nxe4 Be7 5. Bd3 Nf6 6. Nf3 Nbd7 7. O-O O-O 8. Qe2 Nxe4 9. Bxe4 Nf6 10. Bd3 b6 11. Bg5 Bb7 {was the old line (11...h6).} 12. Rad1 Re8 {C10: French with 3 Nc3: Unusual Black 3rd moves and 3...dxe4.} 13. c4 h6 14. Bc1 Qc8 {[#] The position is equal.} 15. Ne5 $146 ({Predecessor:} 15. a3 a5 16. Ne5 c5 17. Bb1 cxd4 18. Rxd4 Qc5 19. Rf4 Bd6 20. Re1 Rad8 21. h3 Qxe5 22. Qd1 Bb8 23. Bd2 Qxf4 {0-1 (22) Zanetti,A-Fasoli,S Corsico 1994}) 15... c5 16. Bc2 Rd8 17. Be3 Qc7 18. h3 a5 19. Ba4 (19. Rfe1 $11) 19... cxd4 20. Bxd4 Bc5 21. Bc3 (21. Bxc5 $1 $11 {remains equal.} bxc5 22. Bc2) 21... Ne4 $17 {And now ...Rxd1 would win.} 22. Be8 $2 {[%mdl 8192] [#]} Bxf2+ ({Don't go for} 22... Rxe8 $2 23. Rd7 Nxc3 24. bxc3 $19) (22... Nxc3 $142 23. bxc3 f6 24. Bf7+ Kf8 25. Bxe6 Qxe5 26. Qxe5 fxe5) 23. Kh2 $2 (23. Rxf2 Rxd1+ 24. Qxd1 Nxf2 25. Qa4) 23... Bg3+ $19 24. Kg1 Bxe5 {Weighted Error Value: White=0.93/Black=0.19 (very precise)} 0-1

[Event "MPL 47th National Women Chess-ch 2022"]
[Site "Odisha"]
[Date "2022.02.26"]
[Round "4.1"]
[White "Priyanka Nutakki"]
[Black "Vaishali R"]
[Result "1/2-1/2"]
[WhiteElo "2301"]
[BlackElo "2403"]
[Annotator "ChessBase"]
[PlyCount "60"]
[EventDate "2022.02.25"]
[EventCountry "IND"]
[SourceTitle "playchess.com"]
[Source "ChessBase"]
[SourceQuality "1"]
[TimeControl "5400+30"]

1. d4 {[%emt 0:05:29]} Nf6 {[%emt 0:00:17]} 2. c4 {[%emt 0:00:19]} g6 {[%emt 0:00:11]} 3. Nc3 {[%emt 0:00:21]} d5 {[%emt 0:00:04]} 4. cxd5 {[%emt 0:00:08]} Nxd5 {[%emt 0:00:02]} 5. Bd2 {[%emt 0:00:18]} c5 {[%emt 0:02:26]} 6. e4 {[%emt 0:02:01]} Nxc3 {[%emt 0:00:23]} 7. Bxc3 {[%emt 0:00:03]} cxd4 {[%emt 0:00:08]} 8. Qxd4 {[%emt 0:09:30]} Qxd4 {[%emt 0:00:07]} 9. Bxd4 {[%emt 0:00:02]} f6 {[%emt 0:00:05]} 10. Bb5+ {[%emt 0:00:08]} Bd7 {[%emt 0:03:23]} 11. Bxd7+ {[%emt 0:00:26]} Nxd7 {[%emt 0:00:07]} 12. Rc1 {[%emt 0:05:20]} e5 {[%emt 0:12:38]} 13. Be3 {[%emt 0:00:06]} Bb4+ {[%emt 0:02:02]} 14. Ke2 {[%emt 0:01:13]} Ke7 {[%emt 0:00:35]} 15. Rc4 {[%emt 0:03:43]} Ba5 {[%emt 0:04:38]} 16. Nf3 {[%emt 0:00:17]} Rhc8 {[%emt 0:00:43]} 17. Rhc1 {[%emt 0:00:09]} Rxc4 {[%emt 0:00:10]} 18. Rxc4 {[%emt 0:00:01]} Bb6 {[%emt 0:00:26]} 19. Bxb6 {[%emt 0:03:43]} axb6 {[%emt 0:00:06]} 20. a3 {[%emt 0:00:03]} Kd6 {[%emt 0:02:35]} 21. Ne1 {[%emt 0:00:53]} Nc5 {[%emt 0:01:01]} 22. Nd3 {[%emt 0:03:31]} Rf8 {[%emt 0:08:01]} 23. f3 {[%emt 0:06:04]} Nxd3 {[%emt 0:06:17]} 24. Kxd3 {[%emt 0:00:03]} Rd8 {[%emt 0:00:07]} 25. Ke3 {[%emt 0:02:40]} Re8 {[%emt 0:01:00]} 26. Rb4 {[%emt 0:00:58]} Kc6 {[%emt 0:00:16]} 27. Rc4+ {[%emt 0:00:01]} Kd6 {[%emt 0:00:04]} 28. Kd3 {[%emt 0:00:21]} Rd8 {[%emt 0:00:18]} 29. Ke3 {[%emt 0:00:09]} Re8 {[%emt 0:00:06]} 30. Kd3 {[%emt 0:00:04]} Rd8 {[%emt 0:00:30]} 1/2-1/2

[Event "MPL 47th National Women Chess-ch 2022"]
[Site "Odisha"]
[Date "2022.02.26"]
[Round "4.2"]
[White "Soumya, Swaminathan"]
[Black "Chitlange Sakshi"]
[Result "1/2-1/2"]
[WhiteElo "2360"]
[BlackElo "2205"]
[Annotator "ChessBase"]
[PlyCount "75"]
[EventDate "2022.02.25"]
[EventCountry "IND"]
[SourceTitle "playchess.com"]
[Source "ChessBase"]
[SourceQuality "1"]
[TimeControl "5400+30"]

1. e4 {[%emt 0:00:04]} c6 {[%emt 0:00:18]} 2. d4 {[%emt 0:00:03]} d5 {[%emt 0:00:05]} 3. e5 {[%emt 0:00:05]} Bf5 {[%emt 0:00:05]} 4. h4 {[%emt 0:04:12]} h5 {[%emt 0:00:06]} 5. c4 {[%emt 0:00:03]} e6 {[%emt 0:00:04]} 6. Nc3 {[%emt 0:00:07]} dxc4 {[%emt 0:00:10]} 7. Bxc4 {[%emt 0:00:25]} Nd7 {[%emt 0:00:04]} 8. Nge2 {[%emt 0:01:17]} Be7 {[%emt 0:00:29]} 9. Ng3 {[%emt 0:02:54]} Bg6 {[%emt 0:00:31]} 10. Nce4 {[%emt 0:07:58]} Nh6 {[%emt 0:06:27]} 11. Bg5 {[%emt 0:18:01]} Qa5+ {[%emt 0:04:12]} 12. Kf1 {[%emt 0:00:17]} Bxe4 {[%emt 0:01:45]} 13. Nxe4 {[%emt 0:00:54]} Nf5 {[%emt 0:00:04]} 14. Bd2 {[%emt 0:08:13]} Qb6 {[%emt 0:02:15]} 15. Bc3 {[%emt 0:00:33]} Rd8 {[%emt 0:04:46]} 16. Qe1 {[%emt 0:15:06]} Qc7 {[%emt 0:00:06]} 17. Be2 {[%emt 0:01:08]} Nb6 {[%emt 0:08:09]} 18. Rd1 {[%emt 0:00:11]} Nd5 {[%emt 0:05:57]} 19. g3 {[%emt 0:01:09]} Nxc3 {[%emt 0:00:24]} 20. bxc3 {[%emt 0:00:08]} g6 {[%emt 0:02:56]} 21. Kg2 {[%emt 0:01:49]} c5 {[%emt 0:02:07]} 22. Bb5+ {[%emt 0:08:41]} Kf8 {[%emt 0:00:13]} 23. Nxc5 {[%emt 0:00:04]} Bxc5 {[%emt 0:01:20]} 24. dxc5 {[%emt 0:00:02]} Rxd1 {[%emt 0:00:35]} 25. Qxd1 {[%emt 0:00:03]} Qxe5 {[%emt 0:00:34]} 26. Qf3 {[%emt 0:01:26]} Kg7 {[%emt 0:59:48]} 27. Rd1 {[%emt 0:08:26]} Rc8 {[%emt 0:00:00]} 28. Qxb7 {[%emt 0:03:07]} Rxc5 {[%emt 0:00:00]} 29. c4 {[%emt 0:12:12]} Nd4 {[%emt 0:00:00]} 30. a4 {[%emt 0:00:04]} Rc7 {[%emt 0:00:00]} 31. Qa8 {[%emt 0:00:29]} Qf6 {[%emt 0:00:00]} 32. Qe4 {[%emt 0:02:00]} Nb3 {[%emt 0:00:00]} 33. Qd3 {[%emt 0:02:10]} Nc5 {[%emt 0:00:00]} 34. Qd6 {[%emt 0:00:56]} Ne4 {[%emt 0:00:00]} 35. Qd4 {[%emt 0:00:18]} Nc5 {[%emt 0:00:00]} 36. Qd6 {[%emt 0:00:18]} Ne4 {[%emt 0:00:04]} 37. Qd4 {[%emt 0:01:14]} Nc5 {[%emt 0:03:55]} 38. Qd6 {[%emt 0:03:23]} 1/2-1/2

[Event "MPL 47th National Women Chess-ch 2022"]
[Site "Odisha"]
[Date "2022.02.26"]
[Round "4.3"]
[White "Gomes, Mary Ann"]
[Black "Velpula Sarayu"]
[Result "1-0"]
[WhiteElo "2361"]
[BlackElo "1875"]
[Annotator "NA"]
[PlyCount "69"]
[EventDate "2022.02.25"]
[EventCountry "IND"]
[SourceTitle "playchess.com"]
[Source "ChessBase"]
[SourceQuality "1"]
[TimeControl "5400+30"]

1. Nf3 {[%emt 0:00:06]} Nf6 {[%emt 0:00:11]} 2. g3 {[%emt 0:00:05]} g6 {[%emt 0:00:13]} 3. b3 {[%emt 0:00:04]} Bg7 {[%emt 0:00:13]} 4. Bb2 {[%emt 0:00:07]} d6 {[%emt 0:00:16]} 5. d4 {[%emt 0:00:04]} c5 {[%emt 0:00:15]} 6. Bg2 {[%emt 0:00:27]} cxd4 {[%emt 0:02:27]} 7. Nxd4 {[%emt 0:00:22]} d5 {[%emt 0:00:13]} 8. O-O {[%emt 0:00:39]} O-O {[%emt 0:00:59]} 9. c4 {[%emt 0:04:15]} dxc4 {[%emt 0:05:49]} 10. bxc4 {[%emt 0:00:14]} a6 {[%emt 0:00:18]} 11. Nc3 {[%emt 0:04:53]} Nfd7 {[%emt 0:10:07]} 12. e3 {[%emt 0:11:50]} e6 {[%emt 0:11:46]} 13. Ba3 {[%emt 0:01:24]} Re8 {[%emt 0:00:14]} 14. Ne4 {[%emt 0:02:45]} Nb6 {[%emt 0:09:56]} 15. Nd6 {[%emt 0:02:53]} Bf8 {[%emt 0:00:18]} 16. Nxe8 {[%emt 0:01:01]} Bxa3 {[%emt 0:00:06]} 17. Nc2 {[%emt 0:00:09]} Qxe8 {[%emt 0:01:55]} 18. Nxa3 {[%emt 0:00:05]} Qe7 {[%emt 0:00:25]} 19. c5 {[%emt 0:01:29]} Qxc5 {[%emt 0:01:46]} 20. Qd8+ {[%emt 0:03:07]} Kg7 {[%emt 0:00:06]} 21. Rac1 {[%emt 0:01:28]} Qxa3 {[%emt 0:00:44]} 22. Qxb6 {[%emt 0:00:06]} Nd7 {[%emt 0:04:48]} 23. Qd4+ {[%emt 0:00:33]} e5 {[%emt 0:00:24]} 24. Qd5 {[%emt 0:00:36]} Qe7 {[%emt 0:01:45]} 25. Rfd1 {[%emt 0:03:56]} Nf6 {[%emt 0:00:54]} 26. Qd8 {[%emt 0:00:22]} Qe6 {[%emt 0:02:35]} 27. Rc7 {[%emt 0:03:49]} Qf5 {[%emt 0:04:50]} 28. e4 {[%emt 0:04:00]} Qh5 {[%emt 0:07:19]} 29. Rdc1 {[%emt 0:01:05]} Qg5 {[%emt 0:01:59]} 30. h4 {[%emt 0:02:38]} Qh6 {[%emt 0:00:14]} 31. R1c2 {[%emt 0:00:24]} Be6 {[%emt 0:03:33]} 32. Qxa8 {[%emt 0:00:07]} Qh5 {[%emt 0:00:04]} 33. f3 {[%emt 0:02:38]} Qh6 {[%emt 0:00:06]} 34. Qa7 {[%emt 0:00:16]} g5 {[%emt 0:00:19]} 35. Qe3 {[%emt 0:00:13]} 1-0

[Event "MPL 47th National Women Chess-ch 2022"]
[Site "Odisha"]
[Date "2022.02.26"]
[Round "4.4"]
[White "Michelle Catherina, P."]
[Black "Padmini, Rout"]
[Result "1/2-1/2"]
[WhiteElo "2176"]
[BlackElo "2350"]
[Annotator "ChessBase"]
[PlyCount "134"]
[EventDate "2022.02.25"]
[EventCountry "IND"]
[SourceTitle "playchess.com"]
[Source "ChessBase"]
[SourceQuality "1"]
[TimeControl "5400+30"]

1. e4 {[%emt 0:01:10]} e5 {[%emt 0:00:36]} 2. Nf3 {[%emt 0:00:08]} Nc6 {[%emt 0:00:06]} 3. Bb5 {[%emt 0:00:26]} a6 {[%emt 0:00:20]} 4. Ba4 {[%emt 0:00:07]} Nf6 {[%emt 0:00:06]} 5. O-O {[%emt 0:00:30]} b5 {[%emt 0:01:53]} 6. Bb3 {[%emt 0:00:07]} Bb7 {[%emt 0:00:03]} 7. d3 {[%emt 0:01:01]} Be7 {[%emt 0:01:06]} 8. a4 {[%emt 0:03:56]} d6 {[%emt 0:02:47]} 9. Nc3 {[%emt 0:02:52]} b4 {[%emt 0:15:51]} 10. Ne2 {[%emt 0:03:57]} Bc8 {[%emt 0:08:36]} 11. Ng3 {[%emt 0:06:49]} O-O {[%emt 0:00:11]} 12. c3 {[%emt 0:08:02]} Rb8 {[%emt 0:01:17]} 13. d4 {[%emt 0:10:27]} bxc3 {[%emt 0:09:45]} 14. bxc3 {[%emt 0:03:50]} Bg4 {[%emt 0:04:55]} 15. d5 {[%emt 0:10:37]} Na5 {[%emt 0:01:02]} 16. Ba2 {[%emt 0:04:10]} Nd7 {[%emt 0:01:53]} 17. Ba3 {[%emt 0:07:31]} g6 {[%emt 0:09:47]} 18. h3 {[%emt 0:02:42]} Bxf3 {[%emt 0:00:11]} 19. Qxf3 {[%emt 0:00:28]} Nc5 {[%emt 0:39:35]} 20. Bb4 {[%emt 0:03:27]} Nab3 {[%emt 0:00:00]} 21. Bxb3 {[%emt 0:03:26]} Nxb3 {[%emt 0:00:00]} 22. Ra2 {[%emt 0:00:36]} c5 {[%emt 0:00:00]} 23. dxc6 {[%emt 0:07:41]} Qb6 {[%emt 0:00:00]} 24. Qd1 {[%emt 0:09:11]} Na5 {[%emt 0:00:00]} 25. Bxa5 {[%emt 0:05:39]} Qxa5 {[%emt 0:00:00]} 26. Qd5 {[%emt 0:00:54]} Qb6 {[%emt 0:00:00]} 27. a5 {[%emt 0:03:10]} Qc7 {[%emt 0:00:00]} 28. f4 {[%emt 0:01:04]} Rb5 {[%emt 0:00:00]} 29. Qc4 {[%emt 0:00:05]} Qa7+ {[%emt 0:00:00]} 30. Kh2 {[%emt 0:00:45]} Qc5 {[%emt 0:00:00]} 31. Qd3 {[%emt 0:00:38]} Qxc6 {[%emt 0:00:00]} 32. f5 {[%emt 0:00:31]} Bg5 {[%emt 0:00:00]} 33. Ne2 {[%emt 0:00:29]} Rc5 {[%emt 0:02:12]} 34. Rb2 {[%emt 0:00:32]} Rxa5 {[%emt 0:01:30]} 35. Qg3 {[%emt 0:00:28]} Bd8 {[%emt 0:02:03]} 36. fxg6 {[%emt 0:00:30]} hxg6 {[%emt 0:00:10]} 37. Qf3 {[%emt 0:00:29]} d5 {[%emt 0:01:36]} 38. Ng3 {[%emt 0:00:32]} Bh4 {[%emt 0:00:29]} 39. exd5 {[%emt 0:00:30]} Bxg3+ {[%emt 0:00:11]} 40. Qxg3 {[%emt 0:00:08]} Rxd5 {[%emt 0:00:19]} 41. Rbf2 {[%emt 0:00:25]} Kg7 {[%emt 0:00:31]} 42. h4 {[%emt 0:00:46]} e4 {[%emt 0:00:54]} 43. Qg4 {[%emt 0:00:42]} Qd6+ {[%emt 0:00:51]} 44. Kg1 {[%emt 0:00:22]} f5 {[%emt 0:00:53]} 45. Qg5 {[%emt 0:00:37]} f4 {[%emt 0:00:38]} 46. Qg4 {[%emt 0:00:25]} Rdf5 {[%emt 0:00:34]} 47. Rd1 {[%emt 0:00:37]} Qe5 {[%emt 0:00:35]} 48. Rd7+ {[%emt 0:00:26]} R8f7 {[%emt 0:00:15]} 49. Rfd2 {[%emt 0:00:32]} e3 {[%emt 0:00:24]} 50. R2d6 {[%emt 0:00:17]} R5f6 {[%emt 0:00:54]} 51. Rxf7+ {[%emt 0:00:38]} Kxf7 {[%emt 0:00:01]} 52. Rd7+ {[%emt 0:00:28]} Kg8 {[%emt 0:00:11]} 53. Rd8+ {[%emt 0:00:36]} Kg7 {[%emt 0:00:10]} 54. Qc8 {[%emt 0:00:29]} Rf7 {[%emt 0:00:29]} 55. Rh8 {[%emt 0:00:31]} f3 {[%emt 0:01:10]} 56. Qg8+ {[%emt 0:00:27]} Kf6 {[%emt 0:00:03]} 57. Qd8+ {[%emt 0:00:20]} Kf5 {[%emt 0:01:22]} 58. Qg5+ {[%emt 0:00:36]} Ke4 {[%emt 0:00:04]} 59. Qxg6+ {[%emt 0:00:28]} Rf5 {[%emt 0:00:08]} 60. gxf3+ {[%emt 0:00:38]} Kd3 {[%emt 0:01:07]} 61. Re8 {[%emt 0:00:31]} Qb5 {[%emt 0:00:43]} 62. c4 {[%emt 0:00:31]} Qa5 {[%emt 0:00:30]} 63. Qd6+ {[%emt 0:00:29]} Ke2 {[%emt 0:00:15]} 64. Qh2+ {[%emt 0:00:14]} Kd3 {[%emt 0:00:15]} 65. Qd6+ {[%emt 0:00:08]} Ke2 {[%emt 0:00:27]} 66. Qh2+ {[%emt 0:00:17]} Kd3 {[%emt 0:00:15]} 67. Qd6+ {[%emt 0:00:09]} Ke2 {[%emt 0:00:18]} 1/2-1/2

[Event "MPL 47th National Women Chess-ch 2022"]
[Site "Odisha"]
[Date "2022.02.26"]
[Round "4.5"]
[White "Pratyusha, Bodda"]
[Black "Bala Kannamma P"]
[Result "1/2-1/2"]
[WhiteElo "2328"]
[BlackElo "2120"]
[Annotator "NA"]
[PlyCount "111"]
[EventDate "2022.02.25"]
[EventCountry "IND"]
[SourceTitle "playchess.com"]
[Source "ChessBase"]
[SourceQuality "1"]
[TimeControl "5400+30"]

1. d4 {[%emt 0:00:29]} Nf6 {[%emt 0:00:14]} 2. Bf4 {[%emt 0:00:20]} b6 {[%emt 0:03:48]} 3. e3 {[%emt 0:00:31]} Bb7 {[%emt 0:00:10]} 4. Nd2 {[%emt 0:00:29]} g6 {[%emt 0:00:54]} 5. h3 {[%emt 0:00:17]} Bg7 {[%emt 0:00:07]} 6. Ngf3 {[%emt 0:00:04]} d6 {[%emt 0:00:15]} 7. Bd3 {[%emt 0:00:43]} c5 {[%emt 0:01:42]} 8. Qe2 {[%emt 0:01:40]} O-O {[%emt 0:03:53]} 9. c3 {[%emt 0:00:31]} Nbd7 {[%emt 0:01:07]} 10. e4 {[%emt 0:01:21]} cxd4 {[%emt 0:05:33]} 11. cxd4 {[%emt 0:00:09]} e5 {[%emt 0:04:08]} 12. dxe5 {[%emt 0:01:40]} dxe5 {[%emt 0:02:15]} 13. Be3 {[%emt 0:00:27]} Qe7 {[%emt 0:02:26]} 14. O-O {[%emt 0:02:57]} Nc5 {[%emt 0:03:21]} 15. Bxc5 {[%emt 0:01:19]} Qxc5 {[%emt 0:00:06]} 16. Rfc1 {[%emt 0:02:31]} Qe7 {[%emt 0:00:28]} 17. Ba6 {[%emt 0:01:48]} Rad8 {[%emt 0:08:59]} 18. Bxb7 {[%emt 0:04:55]} Qxb7 {[%emt 0:02:00]} 19. Rc2 {[%emt 0:01:32]} Rfe8 {[%emt 0:10:19]} 20. Rac1 {[%emt 0:03:34]} Re7 {[%emt 0:00:16]} 21. Rc6 {[%emt 0:02:04]} Nh5 {[%emt 0:01:12]} 22. g3 {[%emt 0:03:39]} Bh6 {[%emt 0:01:13]} 23. R1c2 {[%emt 0:01:10]} Bxd2 {[%emt 0:05:31]} 24. Nxd2 {[%emt 0:00:46]} Ng7 {[%emt 0:00:20]} 25. Qe3 {[%emt 0:14:31]} Ne6 {[%emt 0:02:00]} 26. R6c4 {[%emt 0:01:38]} Qd7 {[%emt 0:06:38]} 27. Kg2 {[%emt 0:02:36]} b5 {[%emt 0:04:05]} 28. R4c3 {[%emt 0:00:50]} Nd4 {[%emt 0:00:07]} 29. Rc1 {[%emt 0:00:26]} Qe6 {[%emt 0:09:12]} 30. a3 {[%emt 0:04:56]} Kg7 {[%emt 0:01:00]} 31. Rc5 {[%emt 0:04:38]} a6 {[%emt 0:06:09]} 32. R1c3 {[%emt 0:01:46]} Red7 {[%emt 0:02:46]} 33. Nf1 {[%emt 0:01:14]} a5 {[%emt 0:01:25]} 34. Qe1 {[%emt 0:02:41]} Qf6 {[%emt 0:01:56]} 35. Qe3 {[%emt 0:05:10]} Qe6 {[%emt 0:02:13]} 36. Qg5 {[%emt 0:01:40]} Re8 {[%emt 0:01:33]} 37. Ne3 {[%emt 0:02:07]} f6 {[%emt 0:01:34]} 38. Qh4 {[%emt 0:01:23]} h5 {[%emt 0:02:01]} 39. Nd5 {[%emt 0:06:00]} Rh8 {[%emt 0:02:38]} 40. g4 {[%emt 0:02:42]} g5 {[%emt 0:00:23]} 41. Qg3 {[%emt 0:00:47]} Ne2 {[%emt 0:00:09]} 42. Qf3 {[%emt 0:00:04]} Nxc3 {[%emt 0:00:06]} 43. bxc3 {[%emt 0:00:03]} hxg4 {[%emt 0:01:16]} 44. Qxg4 {[%emt 0:00:13]} Qxg4+ {[%emt 0:00:58]} 45. hxg4 {[%emt 0:00:03]} Rb8 {[%emt 0:01:03]} 46. Rc6 {[%emt 0:00:36]} Rxd5 {[%emt 0:01:07]} 47. exd5 {[%emt 0:04:14]} b4 {[%emt 0:00:01]} 48. cxb4 {[%emt 0:00:25]} axb4 {[%emt 0:00:02]} 49. axb4 {[%emt 0:00:20]} Rxb4 {[%emt 0:00:02]} 50. f3 {[%emt 0:01:42]} Rd4 {[%emt 0:00:26]} 51. Rd6 {[%emt 0:00:18]} Kf7 {[%emt 0:00:25]} 52. Kf2 {[%emt 0:00:21]} Ke7 {[%emt 0:00:04]} 53. Re6+ {[%emt 0:00:12]} Kf7 {[%emt 0:00:05]} 54. Rd6 {[%emt 0:00:06]} Ke7 {[%emt 0:00:03]} 55. Re6+ {[%emt 0:00:12]} Kf7 {[%emt 0:00:04]} 56. Rd6 {[%emt 0:00:15]} 1/2-1/2

[Event "MPL 47th National Women Chess-ch 2022"]
[Site "Odisha"]
[Date "2022.02.26"]
[Round "4.6"]
[White "Mohota, Nisha"]
[Black "Divya Deshmukh"]
[Result "0-1"]
[WhiteElo "2147"]
[BlackElo "2301"]
[Annotator "ChessBase"]
[PlyCount "158"]
[EventDate "2022.02.25"]
[EventCountry "IND"]
[SourceTitle "playchess.com"]
[Source "ChessBase"]
[SourceQuality "1"]
[TimeControl "5400+30"]

1. d4 {[%emt 0:00:26]} d5 {[%emt 0:00:10]} 2. Nf3 {[%emt 0:00:07]} Nf6 {[%emt 0:00:22]} 3. g3 {[%emt 0:00:06]} e6 {[%emt 0:01:05]} 4. Bg2 {[%emt 0:00:03]} Be7 {[%emt 0:00:22]} 5. O-O {[%emt 0:00:05]} O-O {[%emt 0:00:07]} 6. c4 {[%emt 0:00:43]} dxc4 {[%emt 0:00:09]} 7. Ne5 {[%emt 0:01:34]} Nc6 {[%emt 0:00:57]} 8. Bxc6 {[%emt 0:01:15]} bxc6 {[%emt 0:00:03]} 9. Nxc6 {[%emt 0:00:09]} Qe8 {[%emt 0:00:01]} 10. Nxe7+ {[%emt 0:00:25]} Qxe7 {[%emt 0:00:02]} 11. Qa4 {[%emt 0:00:17]} c5 {[%emt 0:02:05]} 12. Qxc4 {[%emt 0:01:31]} cxd4 {[%emt 0:00:04]} 13. Qxd4 {[%emt 0:00:57]} e5 {[%emt 0:00:06]} 14. Qh4 {[%emt 0:03:07]} h6 {[%emt 0:00:46]} 15. Nc3 {[%emt 0:01:26]} Qe6 {[%emt 0:02:25]} 16. Be3 {[%emt 0:11:25]} Ba6 {[%emt 0:09:05]} 17. f3 {[%emt 0:09:24]} Rfc8 {[%emt 0:07:26]} 18. Rfc1 {[%emt 1:06:30]} Rc4 {[%emt 0:17:20]} 19. Ne4 {[%emt 0:00:00]} Nxe4 {[%emt 0:01:49]} 20. Rxc4 {[%emt 0:00:00]} Qxc4 {[%emt 0:09:36]} 21. Qxe4 {[%emt 0:00:00]} Qxe4 {[%emt 0:00:15]} 22. fxe4 {[%emt 0:00:00]} Bxe2 {[%emt 0:00:01]} 23. Bc5 {[%emt 0:00:00]} Bd3 {[%emt 0:06:12]} 24. Re1 {[%emt 0:00:00]} a5 {[%emt 0:01:06]} 25. Kf2 {[%emt 0:00:00]} a4 {[%emt 0:02:58]} 26. Bd6 {[%emt 0:00:00]} f6 {[%emt 0:01:18]} 27. Ke3 {[%emt 0:00:00]} Bc4 {[%emt 0:00:28]} 28. a3 {[%emt 0:00:00]} Rd8 {[%emt 0:03:40]} 29. Rd1 {[%emt 0:00:00]} Rd7 {[%emt 0:02:07]} 30. Rd2 {[%emt 0:00:00]} Rb7 {[%emt 0:01:12]} 31. Bb4 {[%emt 0:00:00]} Kf7 {[%emt 0:00:24]} 32. Rc2 {[%emt 0:00:00]} Bb3 {[%emt 0:00:50]} 33. Rc6 {[%emt 0:00:00]} Rd7 {[%emt 0:09:54]} 34. Bd6 {[%emt 0:00:00]} Rd8 {[%emt 0:00:14]} 35. Rc7+ {[%emt 0:00:00]} Kg6 {[%emt 0:00:27]} 36. Be7 {[%emt 0:00:00]} Rb8 {[%emt 0:00:53]} 37. Bd6 {[%emt 0:00:00]} Rg8 {[%emt 0:02:19]} 38. h3 {[%emt 0:02:50]} Ra8 {[%emt 0:01:04]} 39. Rc6 {[%emt 0:00:55]} Kh7 {[%emt 0:00:05]} 40. g4 {[%emt 0:00:45]} Re8 {[%emt 0:01:05]} 41. h4 {[%emt 0:00:43]} Kg6 {[%emt 0:04:50]} 42. Kf3 {[%emt 0:00:07]} Re6 {[%emt 0:02:07]} 43. h5+ {[%emt 0:02:26]} Kh7 {[%emt 0:01:01]} 44. Rb6 {[%emt 0:00:20]} Bc2 {[%emt 0:01:44]} 45. Rc6 {[%emt 0:02:18]} Bd1+ {[%emt 0:00:15]} 46. Kg3 {[%emt 0:00:02]} Re8 {[%emt 0:00:08]} 47. Bb4 {[%emt 0:02:23]} Kg8 {[%emt 0:01:27]} 48. Rd6 {[%emt 0:00:18]} Bc2 {[%emt 0:00:15]} 49. Kf3 {[%emt 0:00:12]} Rc8 {[%emt 0:00:39]} 50. Ra6 {[%emt 0:02:00]} Rc4 {[%emt 0:00:20]} 51. Ra8+ {[%emt 0:00:09]} Kh7 {[%emt 0:00:11]} 52. Ra7 {[%emt 0:00:28]} Rc8 {[%emt 0:08:38]} 53. Rd7 {[%emt 0:00:02]} Kg8 {[%emt 0:01:39]} 54. Ra7 {[%emt 0:01:09]} Rd8 {[%emt 0:00:02]} 55. Rc7 {[%emt 0:00:27]} Bd1+ {[%emt 0:00:14]} 56. Kg3 {[%emt 0:00:25]} Rd3+ {[%emt 0:00:16]} 57. Kh4 {[%emt 0:00:55]} Rd4 {[%emt 0:01:28]} 58. Rc8+ {[%emt 0:00:14]} Kh7 {[%emt 0:00:07]} 59. Rc1 {[%emt 0:00:45]} Be2 {[%emt 0:00:02]} 60. Rg1 {[%emt 0:00:36]} Rxe4 {[%emt 0:00:02]} 61. Kh3 {[%emt 0:00:12]} Kg8 {[%emt 0:01:00]} 62. Bc3 {[%emt 0:00:32]} Kf7 {[%emt 0:00:06]} 63. Rg3 {[%emt 0:00:42]} Bc4 {[%emt 0:00:44]} 64. Kg2 {[%emt 0:00:25]} Bd5 {[%emt 0:00:31]} 65. Kh3 {[%emt 0:00:29]} Re2 {[%emt 0:00:43]} 66. Rd3 {[%emt 0:00:14]} Be6 {[%emt 0:00:34]} 67. Rg3 {[%emt 0:00:38]} g6 {[%emt 0:02:03]} 68. hxg6+ Kxg6 {[%emt 0:00:30]} 69. Rg2 Rxg2 {[%emt 0:00:30]} 70. Kxg2 Bxg4 {[%emt 0:00:30]} 71. Kg3 h5 {[%emt 0:00:30]} 72. Kh4 Kf5 {[%emt 0:00:30]} 73. Kg3 Ke4 {[%emt 0:00:30]} 74. Ba5 f5 {[%emt 0:00:30]} 75. Bd8 f4+ {[%emt 0:00:30]} 76. Kf2 Kf5 {[%emt 0:00:30]} 77. Be7 e4 {[%emt 0:00:30]} 78. Bd8 e3+ {[%emt 0:00:30]} 79. Ke1 f3 {[%emt 0:00:30]} 0-1